Statistics for Hart Memorial Trophy - NHL MVP of the season

Click here to take the quiz!

General Stats

  • This quiz has been taken 111 times
    (25 since last reset)
  • The average score is 45 of 49

Answer Stats

Year Winner Team % Correct
2016Patrick KaneChicago Blackhawks
100%
1989Wayne GretzkyLos Angeles Kings
100%
2014Sidney CrosbyPittsburgh Penguins
100%
2013Alexander OvechkinWashington Capitals
100%
1992Mark MessierNew York Rangers
100%
2006Joe ThorntonBoston Bruins/San José Sharks
100%
1996Mario LemieuxPittsburgh Penguins
100%
2001Joe SakicColorado Avalanche
96%
2017Connor McDavidEdmonton Oilers
96%
2012Evgeni MalkinPittsburgh Penguins
96%
1991Brett HullSt. Louis Blues
96%
1998Dominik HasekBuffalo Sabres
96%
1999Jaromir JagrPittsburgh Penguins
92%
1995Eric LindrosPhiladelphia Flyers
92%
1972Bobby OrrBoston Bruins
92%
2003Peter ForsbergColorado Avalanche
92%
2004Martin St. LouisTampa Bay Lightning
92%
2010Henrik SedinVancouver Canucks
92%
2018Taylor HallNew Jersey Devils
83%
2011Corey PerryAnaheim Ducks
83%
2015Carey PriceMontreal Canadiens
83%
1978Guy LafleurMontreal Canadiens
83%
1976Bobby ClarkePhiladelphia Flyers
79%
2019Nikita KucherovTampa Bay Lightning
79%
2002Jose TheodoreMontreal Canadiens
75%
1979Bryan TrottierNew York Islanders
71%
1994Sergei FedorovDetroit Red Wings
67%
1974Phil EspositoBoston Bruins
67%
2000Chris ProngerSt. Louis Blues
63%

Score Distribution

Percentile by Number Answered

Percent of People with Each Score

Your Score History

You have not taken this quiz since the last reset